00554nam a2200157 a 450000500170000000800410001702000180005805000280007610000190010424500770012326000640020030000170026465000320028165000440031365000390035720140412111338.0031007s19uu xx 00 eng d a0-590-96380-5 aTR(GS 372.414bB56 1996 aBlevins, Wiley aQuick-and-easy learning games: Phonics (grades 1-3) /cby Wiley Blevins. aJefferson City, MO :bScholastic Professional Books,c1996. a48 p. ; ill. aPhonics--Study and teaching aPhonics activities--Juvenile literature aReadiness & methods of instruction